| 000 | 01273nam0a22003371 4500 | ||
|---|---|---|---|
| 001 | RU\NLR\BIBL_A\022488411 | ||
| 005 | 20250806203533.0 | ||
| 035 | _a(NLR Aleph) 022488411 | ||
| 090 |
_a85404 _c85404 |
||
| 100 | _a20250310d1941 u y0rusy50 ca | ||
| 101 | 0 | _abel | |
| 102 | _aBY | ||
| 105 | _aa z 000ay | ||
| 181 | 0 |
_ai3 _baxxe |
|
| 182 | 0 | _an | |
| 200 | 1 |
_aУ старых дубах _eапавяданні _fЯкуб Колас _g[мастак: С. Кадушын] |
|
| 203 |
_aТекст _bвизуальный _cнепосредственный |
||
| 210 |
_aМінск _cДзяржаўнае выд-ва пры СНК БССР, Рэдакцыя дзіцячай літаратуры _d1941 |
||
| 215 |
_a144 с. _cил. _d17 |
||
| 517 | 1 |
_6z20790 _aВ старых дубах |
|
| 700 | 1 |
_aКолас _bЯ. _f1882-1956 _gЯкуб _3RU\NLR\auth\7710311 |
|
| 702 | 1 |
_aКадушын _bС. І. _gСяргей Ісааковіч _4040 |
|
| 790 | 1 |
_6z20517 _aКолас _bЯ. _f1882-1956 _gЯкуб _3RU\NLR\AUTH\7710311 |
|
| 852 |
_aNLR _jДл02 Г-1/21 |
||
| 899 | _aНБ Беларуси | ||
| 942 | _cBOOK | ||
| 945 | _aРоссийская национальная библиотека | ||
| 980 | _aBV | ||
| 980 | _aBEL | ||